| 000 | 00852nam a22002297a 4500 | ||
|---|---|---|---|
| 999 |
_c19008 _d19008 |
||
| 003 | AR-CdUCM | ||
| 008 | 190516b ||||| |||| 00| 0 spa d | ||
| 040 |
_aMUNICIPALIDAD PROVINCIAL DEL CUSCO _cBIBLIOTECA MUNICIPAL DEL CUSCO |
||
| 082 |
_a581.4 / _bC68 _22ed. |
||
| 100 |
_aClarke, George L. _940035 |
||
| 245 | _aElementos de ecología / | ||
| 260 |
_aBarcelona : _bOmega, _c1963. |
||
| 300 |
_a615 paginas ; _bIlustraciones, diagramas, _c23 cm. |
||
| 500 | _aTitulo original : Elementa of ecology | ||
| 505 | _aContenido : Idea general de la ecología moderna -- El medio -- El substrato -- El agua -- Temperatura... | ||
| 650 |
_aFormación del suelo _940036 |
||
| 650 |
_aEl aire _940037 |
||
| 650 |
_aEcología de las poblaciones _940038 |
||
| 700 |
_aFuste, Miguel (Traducción) _940039 |
||
| 942 |
_2ddc _cLIBROS |
||
| 945 |
_awnts _d2019-05-16 |
||